Largest Cities/Towns in Oceania Beginning With 'B' - Statistics

General Stats
  • This quiz has been taken 90 times
  • The average score is 3 of 12
Answer Stats
# Population Country Answer % Correct
1 3,300,000 Australia Brisbane
100%
3 102,899 Australia Bendigo
53%
2 111,702 Australia Ballarat
42%
4 79,252 Australia Bunbury
33%
5 74,433 Australia Bundaberg
27%
6 36,230 Australia Bathurst
16%
8 29,000 New Zealand Blenheim
14%
10 23,762 Australia Bowral - Mittagong
14%
9 27,233 Australia Busselton
13%
11 20,612 Australia Bongaree - Woorim
3%
12 20,267 Australia Burnie
3%
7 30,049 Australia Blue Mountains
2%
No matching quizzes found
Score Distribution
Percent of People with Each Score
Percentile by Number Answered
Your Score History
You have not taken this quiz